000 00497nam a2200181Ia 4500
005 20250326124203.0
008 250326s9999 xx 000 0 und d
037 _aTextbook
040 _aFMSL
_beng
_cFMSL
041 _aeng
_2eng
084 _aX:51 K9
_qFMSL
100 _aTousley R D
_9736747
245 0 _aPrinciples of marketing
_cTousley R D; Clark E And Others
260 _aUSA
_bUSA, Macmillan
_c1969
300 _a716p
942 _cTB
_hX:51 K9
999 _c1272643
_d1272643